000 00287nam a22001337a 4500
008 181015b xxu||||| |||| 00| 0 eng d
020 _a639785400950
041 _aeng
080 _a621
100 _a27
101 _aMEK
245 _aContinuum Mechanics
_cMase, G.E
942 _2udc
_cBK
999 _c49743
_d49743